000 00532nam a2200217Ia 4500
005 20250425161514.0
008 250425s9999 xx 000 0 und d
020 _a044441214X
041 _aeng
082 _a660.206
100 _aDAVALLOO, PARVIZ
245 0 _aPROCEEDINGS OF THE FIRST IRANIAN CONGRESS OF CHEMICAL ENGINEERING
250 _aS.E.
260 _aIrĂ¡n
_bELSE
_c1974
260 _aSHIRAZ
300 _a787
650 _aINGENIERIA QUIMICA
700 _aALI BEG, SHAFKAT
942 _c01
010 _a21765
999 _c210574
_d210574